Pokémon TCG Pocket - Cartes EX - Statistiques

Statistiques générales
  • Ce quiz a été pris 71 fois
  • Le résultat moyen est 42 sur 63
Statistiques - réponses
Extension Pokémon Type de quiz % Correct
Île Fabuleuse Mew Psy
98%
Puissance Génétique Mewtwo Psy
98%
Puissance Génétique Pikachu Electrique
98%
Réjouissances Rayonnantes Pikachu Electrique
98%
Puissance Génétique Dracaufeu Feu
96%
Réjouissances Rayonnantes Dracaufeu Feu
96%
Puissance Génétique Florizarre Plante
94%
Puissance Génétique Tortank Eau
92%
Puissance Génétique Artikodin Eau
90%
Puissance Génétique Electhor Electrique
88%
Puissance Génétique Sulfura Feu
88%
Île Fabuleuse Celebi Plante
86%
Choc Spatio-Temporel Dialga Métal
86%
Puissance Génétique Mackogneur Combat
86%
Choc Spatio-Temporel Palkia Eau
86%
Lumière Triomphale Arceus Incolore
82%
Puissance Génétique Noadkoko Plante
82%
Réjouissances Rayonnantes Giratina Psy
80%
Puissance Génétique Arcanin Feu
78%
Puissance Génétique Ectoplasma Psy
78%
Gardiens Astraux Lunala Psy
78%
Choc Spatio-Temporel Simiabraz Feu
76%
Choc Spatio-Temporel Darkrai Obscurité
75%
Gardiens Astraux Félinferno Feu
75%
Réjouissances Rayonnantes Lucario Combat
75%
Crise Interdimensionnelle Mouscoto Plante
75%
Gardiens Astraux Solgaleo Métal
75%
Île Fabuleuse Léviator Eau
73%
Puissance Génétique Staross Eau
73%
Puissance Génétique Ossatueur Combat
71%
Choc Spatio-Temporel Dimoret Obscurité
69%
Île Fabuleuse Ptera Combat
69%
Gardiens Astraux Raichu d'Alola Electrique
69%
Gardiens Astraux Archéduc Plante
63%
Puissance Génétique Grodoudou Incolore
63%
Choc Spatio-Temporel Pachirisu Electrique
61%
Île Fabuleuse Roucarnage Incolore
61%
Promo-A Rayquaza Incolore
59%
Promo-A Cresselia Psy
57%
Crise Interdimensionnelle Engloutyran Obscurité
57%
Lumière Triomphale Givrali Eau
57%
Lumière Triomphale Phyllali Plante
57%
Promo-A Ultra-Necrozma Dragon
57%
Choc Spatio-Temporel Gallame Combat
53%
Réjouissances Rayonnantes Triopikeau Eau
53%
Promo-A Lokhlass Eau
51%
Crise Interdimensionnelle Lougaroc Combat
49%
Choc Spatio-Temporel Coudlangue Incolore
47%
Crise Interdimensionnelle Tokorico Electrique
47%
Lumière Triomphale Carchacrok Combat
45%
Gardiens Astraux Crabominable Eau
45%
Réjouissances Rayonnantes Dardargnan Plante
45%
Gardiens Astraux Froussardine Eau
45%
Crise Interdimensionnelle Triopikeur d'Alola Métal
45%
Choc Spatio-Temporel Yanmega Plante
45%
Gardiens Astraux Sinistrail Plante
43%
Choc Spatio-Temporel Magirêve Psy
41%
Réjouissances Rayonnantes Castorno Incolore
39%
Gardiens Astraux Grotadmorv d'Alola Obscurité
39%
Lumière Triomphale Tarinorme Métal
39%
Réjouissances Rayonnantes Terraiste Obscurité
39%
Réjouissances Rayonnantes Forgelina Métal
37%
Gardiens Astraux Quatermac Combat
27%
Aucun quiz correspondant
Distribution des résultats
% des personnes avec chaque résultat
Percentile par nombre de réponses
Votre historique - résultats
Vous n’avez pas pris ce quiz